00295 a2200133 450000100060000002000180000604000220002410000210004624000290006724500240009630000080012036200090012865000240013762017 a9788510054232 cAnchieta - Pituba aMocellin, Renato10aHistória, 7° Anolpor10aHistória, 7° Ano a3190 a2013 4aHistória do mundo